000 00578nam a2200181Ia 4500
005 20250508153435.0
008 008 250505s9999 xx 000 0 eng d
037 _aTextual
040 _aFEDL
_beng
_cFEDL
041 _aeng
_2eng
084 _a373.73, UNI
_qFEDL
245 0 _aRequirements for high school graduation in States and large cities
245 0 _cU S Department of Health, Education and Welfare
260 _aWashington, USA
_bU.S. Government Printing Office
_c1961
300 _a29P
942 _cTEXL
_h373.73, UNI
999 _c1342900
_d1342900